| 000 | 00544nam a22001937a 4500 | ||
|---|---|---|---|
| 005 | 20231221122328.0 | ||
| 008 | 231221b |||||||| |||| 00| 0 eng d | ||
| 020 | _a0-471-36366-9 | ||
| 082 |
_a005.1 _bBRO-A |
||
| 100 | _aBrown, William J. | ||
| 245 |
_aAntiPatterns in project management/ _cBrown, William J; McCormick, Hays W; Thomas, Scott W |
||
| 260 |
_aUSA _bJohn Wiley & Sons _c2000 |
||
| 300 | _a460 | ||
| 500 | _aIndex Given. | ||
| 650 | _aEngineering | ||
| 700 | _a McCormick, Hays W | ||
| 700 | _aThomas, Scott W | ||
| 999 |
_c34944 _d34944 |
||